| 000 | 00623nam a2200157 i 4500 | ||
|---|---|---|---|
| 001 | 29823 | ||
| 003 | ES-MaACL | ||
| 005 | 20230906154108.0 | ||
| 007 | t| | ||
| 008 | 030123s1960 sp ||||1| spa d | ||
| 100 | 1 |
_aBasanta Santa-Cruz, Antonio. _926248 |
|
| 245 | 1 | 0 |
_aHaciendas locales _b: cuentas municipales : (conforme a la cirucular del Servicio Nacional de Inspección y Asesoramiento de las Corporaciones Locales de 1º de diciembre de 1958) / _cpor Antonio Basanta Santa-Cruz. |
| 260 |
_a[S.l. : _bs.n., _c1960] ( _eCuenca : _fImp. Conquense) |
||
| 300 |
_a145 p. ; _c29 cm. |
||
| 852 |
_aES-MaACL _jC-19423 _bR.46462 |
||
| 999 |
_c29823 _d29823 |
||